01044nas a2200253Ia 4500001001100000003000900011008004100020040001300061040001300074041001300087100004300100210002100143222002100164245006800185250001100253260003300264501008600297300001700383362003600400500026400436650003900700700002200739700002900761R701/49168IT-RoPAU151124c99999999xx |||||||||||| ||und|| aIT-RoPAU cIT-RoPAU aITALIANO aFabbri PaologCodice Aut. SPICS: 9716 aCARTE SEMIOTICHE aCarte Semiotiche aCARTE SEMIOTICHE, N.01 (SETTEMBRE 1985)bDiscorso Politico (Il) a1a ed. aFIRENZEbLA CASA USHERc1985 bPaulus - SPICS - Società San Paolo EM (non-commercial uses only)cCopyright2015 a14 p. [9-22] aANNO 002, N.01 (SETTEMBRE 1985) aCriteri di Pertinenza Semio-Linguistici nel Discorso Politico. Grammatica del Discorso Politico. Strategie Enunciative e Formazioni Discorsive. Costruzione della Competenza Politica. Modalità del Potere e Figure di Autorità. Atto Linguistico e Suoi Patemi aSEMIOTICAvPUBBLICAZIONE PERIODICA aMarcarino Aurelia gCodice Aut. SPICS: 18650